000
00278nam a22001217a 4500
008
180221b xxu||||| |||| 00| 0 eng d
041
_a
eng
080
_a
616
100
_a
4
101
_a
SHM
245
_a
PROSOING EMPIRIAL RESEARCH RESEARCH
_c
MILDRED.L.P
942
_2
udc
_c
BK
999
_c
43028
_d
43028